Online Catalogue and eLibrary

Witches, midwives, and nurses : (Record no. 3039)

MARC details
000 -LEADER
fixed length control field 00469nam a2200193Ia 4500
005 - DATE AND TIME OF LATEST TRANSACTION
control field 20240812054504.0
008 - FIXED-LENGTH DATA ELEMENTS--GENERAL INFORMATION
fixed length control field 240331s9999 xx 000 0 und d
020 ## - INTERNATIONAL STANDARD BOOK NUMBER
ISBN 0912670134
082 ## - DDC Classification
Item Number - Author Mark EHR
Class No. 42
100 ## - MAIN ENTRY--PERSONAL NAME
Personal name Ehrenreich, B
245 #0 - TITLE STATEMENT
Title Witches, midwives, and nurses :
Remainder of title a history of women healers
250 ## - EDITION STATEMENT
Edition statement 2nd
260 ## - PUBLICATION, DISTRIBUTION, ETC.
Place of publication, distribution, etc. New York
Name of publisher, distributor, etc. The Feminist Press
Date of publication, distribution, etc. 1973
300 ## - PHYSICAL DESCRIPTION
Extent (e.g. Volumes, Pages etc.) 48 p .,
500 ## - GENERAL NOTE
General note
650 ## - SUBJECT ADDED ENTRY--TOPICAL TERM
Topical term or geographic name entry element Women
650 ## - SUBJECT ADDED ENTRY--TOPICAL TERM
Topical term or geographic name entry element history
942 ## - Koha item type (Biblio)
Koha item type Books in Stacks (Lending)
Holdings
Lost status Damaged status Collection code Home library Current library Shelving location Date acquired Full call number Accession Number Item type
    Lending WERC Library WERC Library Social Science Cupboard 03/31/2024 613.042 EHR 5164 Books in Stacks (Lending)

© WERC Library